Reprezentanci Polski z największą liczbą występów. - Statystyki

Ogólne statystyki
  • Ten quiz został rozwiązany 118 razy
  • Średni wynik to 11 z 15
Statystyki odpowiedzi
Lata Liczba Występów Zawodnik % Poprawnych
1 2008– 154 Robert Lewandowski
100%
2 2006–2023 109 Jakub Błaszczykowski
97%
13 2009–2024 84 Wojciech Szczęsny
92%
5 1971–1984 100 Grzegorz Lato
91%
3 2010– 103 Kamil Glik
90%
6 2008–2023 100 Grzegorz Krychowiak
82%
7 1968–1978 97 Kazimierz Deyna
82%
15 1976–1988 80 Zbigniew Boniek
81%
11 2008–2024 94 Kamil Grosicki
74%
4 1999–2011 102 Michał Żewłakow
72%
10 2013– 95 Piotr Zieliński
72%
8 1998–2009 96 Jacek Krzynówek
50%
12 1973–1986 91 Władysław Żmuda
43%
8 1993–2008 96 Jacek Bąk
40%
13 1970–1980 82 Antoni Szymanowski
11%
Nie znaleziono quizów pasujących do podanych kryteriów
Rozkład punktacji
Procent ludzi z każdym wynikiem
Percentyl według liczby udzielonych odpowiedzi
Twoja historia wyników
Nie rozwiązałeś tego quizu